| 000 | 00318nam a2200097Ia 4500 | ||
|---|---|---|---|
| 008 | 220203s9999 xx 000 0 und d | ||
| 100 | _aK.R.Vijayakumar | ||
| 245 | 0 | _aRevised International Notation for Latex Harvest technology Malaysia, IRRDB | |
| 260 |
_bRubber Research Institute of India _aKottayam _c2009 |
||
| 942 | _cPN | ||
| 999 |
_c45112 _d45112 |
||